000 00425nam a2200157Ia 4500
008 230917s9999||||xx |||||||||||||| ||und||
040 _e128242
_aMAIN
041 _aEnglish
082 _a658.4 H439M
100 _aHersey, Paul
245 0 _aManagement of organizational behavior: utilizing human resources
250 _a4th ed.
260 _aNew Delhi
_bPrentice Hall of India
_c1982
300 _a343p. p.
942 _cBK
999 _c131633
_d131633